000 01389cam a22003374a 4500
999 _c7044
_d7044
001 12368240
003 GBCCL
005 20241126110618.0
008 010403s2001 ilu b 001 0 eng
010 _a 2001030958
020 _a0802452620
040 _aDLC
_cDLC
_dDLC
042 _apcc
050 0 0 _aBS2705.3
_b.M23 2001
082 0 0 _a225.77
_221
_bMAC
100 1 _aMacArthur, John,
_d1939-
_91165
245 1 0 _aPhilippians /
_cJohn MacArthur, Jr.
250 _aIndian edition
260 _aChicago :
_bMoody Press,
_cc2001.
300 _aviii, 342 p. ;
_c24 cm.
490 1 _aThe MacArthur New Testament commentary
504 _aIncludes bibliographical references (p. 319-320) and indexes.
630 0 0 _aBible.
_pPhilippians
_vCommentaries.
_912147
800 1 _aMacArthur, John,
_d1939-
_tMacArthur New Testament commentary.
_912401
856 4 2 _3Publisher description
_uhttp://www.loc.gov/catdir/enhancements/fy0612/2001030958-d.html
856 4 1 _3Table of contents only
_uhttp://www.loc.gov/catdir/enhancements/fy1202/2001030958-t.html
856 4 2 _3Contributor biographical information
_uhttp://www.loc.gov/catdir/enhancements/fy1202/2001030958-b.html
906 _a7
_bcbc
_corignew
_d1
_eocip
_f20
_gy-gencatlg
942 _2ddc
_cREF